| 000 | 00816pam a2200277 a 4500 | ||
|---|---|---|---|
| 001 | 10898 | ||
| 003 | BD-RjUL | ||
| 005 | 20211208235033.0 | ||
| 008 | 140125s1983 maua 001 0 eng | ||
| 020 | _a0871507625 | ||
| 035 | _a(BD-RjUL)10947 | ||
| 040 |
_aDLC _cDLC _dDLC _dBD-RjUL _beng |
||
| 041 | _aeng | ||
| 082 | 0 | 0 |
_a540 _219 _bBRG 1983 |
| 100 | 1 |
_aBrown, William Henry, _d1932- _932099 |
|
| 245 | 1 | 0 |
_aGeneral, organic, and biochemistry / _cWilliam H. Brown, Elizabeth P. Rogers. |
| 250 | _a2nd ed. | ||
| 260 |
_aBoston, Mass. : _bW. Grant Press, _cc1983. |
||
| 300 |
_axvi, 811, 34 p. : _bill. (some col.) ; _c24 cm. |
||
| 500 | _aIncludes index. | ||
| 650 | 0 |
_aChemistry. _933684 |
|
| 700 | 1 |
_aRogers, Elizabeth P. _933685 |
|
| 942 |
_2ddc _cBK |
||
| 999 |
_c10898 _d10898 |
||